00381nam a2200145Ia 4500008004100000020001500041041000800056082001700064100006200081245002900143250000600172260002100178300001600199650002000215210716s9999 xx 000 0 und d a0070119015 aeng a657.044 CHAL aChasteen, Lanny G;Flaherty, Richard E;O Connor, Melvin C. aIntermediate accounting. a6 aNew DelhibIrwin axxxvii,1284 aAccounting(657)